00627nam a2200181Ia 4500952012800000999001700128003000400145005001700149008004100166040000900207082001900216100002300235245006800258260004600326300000900372650002000381942004400401 00102ddc40708LITaMESbMEScMALd2019-02-20g90.00l0o894.812 MOH/Ap31224r2019-02-20 00:00:00w2019-02-20yBKzGR1R2 c22704d22704OSt20210104144716.0190216s9999||||xx |||||||||||||| ||und|| coclc a894.812bMOH/A aMohamed, K M92122 0aArabi Sahithyathinu Keralathinte Sambhavanakal /cK M Mohamed  bAshrafi Book center,aTirurangadi:c2005. a256p aIslamic History cBK2ddch894.812iMOH/Ak894.812mMOH/A